000 00940nam a22003137a 4500
001 173
003 FISKH
005 20250805102758.0
008
020 _a9780439451604
040 _aDLC
_cDLC
_dDLC
_dFISKH
_beng
050 0 0 _aQE861.5
_b.M33 2001
082 0 0 _a567.9
_221
100 1 _aMaccarone, Grace.
245 1 0 _aDinosaurs /
_cby Grace Maccarone ; illustrated by Richard Courtney.
260 _aNew York
_bScholastic
_c2001.
300 _a32 p.
_bcol. ill.
_c23 cm.
490 1 _aHello reader! Science
_vLevel 2
500 _a"Cartwheel books."
520 _aSimple text and illustrations present different kinds of dinosaurs.
521 2 _a240
_bLexile
521 2 _aD
_bRaz-Plus
650 0 _aDinosaurs
_vJuvenile literature.
650 1 _aDinosaurs.
700 1 _aCourtney, Richard,
_d1955-
_eill.
830 0 _aHello science reader!
_nLevel 2.
906 _a7
_bcbc
_corignew
_d1
_eocip
_f20
_gy-gencatlg
942 _2ddc
_cBK
_n0
999 _c173
_d173